[Event "English Open Championship 2024"]
[Site "Holiday Inn, 212 Abbey End, Kenilworth CV8 1ED, United Kingdom"]
[Date "2024.06.22"]
[Round "5.8"]
[White "Bates, Richard A"]
[Black "Shearsby, Jude"]
[Result "1-0"]
[TimeControl "G90 + 30secs/move"]
[WhiteFideId "403555"]
[BlackFideId "462527"]
[WhiteElo "2312"]
[BlackElo "2092"]

1. d4 {[%clk 01:30:56]} {[%emt 00:00:02]} Nf6 {[%clk 01:29:41]} {[%emt
00:01:12]} 2. Nf3 {[%clk 01:31:12]} {[%emt 00:00:20]} g6 {[%clk 01:30:03]}
{[%emt 00:00:09]} 3. g3 {[%clk 01:30:23]} {[%emt 00:01:19]} Bg7 {[%clk
01:30:26]} {[%emt 00:00:07]} 4. c4 {[%clk 01:30:29]} {[%emt 00:00:25]} O-O
{[%clk 01:30:37]} {[%emt 00:00:19]} 5. Bg2 {[%clk 01:30:54]} {[%emt 00:00:04]}
d5 {[%clk 01:30:57]} {[%emt 00:00:11]} 6. cxd5 {[%clk 01:30:10]} {[%emt
00:01:14]} Nxd5 {[%clk 01:30:45]} {[%emt 00:00:41]} 7. O-O {[%clk 01:30:27]}
{[%emt 00:00:13]} Nb6 {[%clk 01:29:12]} {[%emt 00:02:04]} 8. Nc3 {[%clk
01:30:11]} {[%emt 00:00:45]} Nc6 {[%clk 01:28:22]} {[%emt 00:01:21]} 9. e3
{[%clk 01:26:53]} {[%emt 00:03:48]} e5 {[%clk 01:17:03]} {[%emt 00:11:49]} 10.
d5 {[%clk 01:23:06]} {[%emt 00:04:17]} Ne7 {[%clk 01:16:25]} {[%emt 00:01:08]}
11. e4 {[%clk 01:20:09]} {[%emt 00:03:27]} Nc4 {[%clk 01:08:01]} {[%emt
00:08:54]} 12. b3 {[%clk 01:14:22]} {[%emt 00:06:16]} Nd6 {[%clk 01:08:02]}
{[%emt 00:00:30]} 13. Ba3 {[%clk 00:59:55]} {[%emt 00:14:57]} f5 {[%clk
01:05:21]} {[%emt 00:03:11]} 14. Ng5 {[%clk 00:57:48]} {[%emt 00:02:37]} Rf6
{[%clk 00:59:40]} {[%emt 00:06:10]} 15. Rc1 {[%clk 00:50:53]} {[%emt 00:07:26]}
h6 {[%clk 00:52:27]} {[%emt 00:07:43]} 16. Ne6 {[%clk 00:45:45]} {[%emt
00:05:38]} Bxe6 {[%clk 00:52:37]} {[%emt 00:00:20]} 17. dxe6 {[%clk 00:46:11]}
{[%emt 00:00:04]} Rxe6 {[%clk 00:50:46]} {[%emt 00:02:21]} 18. Qe2 {[%clk
00:33:01]} {[%emt 00:13:40]} Kh7 {[%clk 00:47:18]} {[%emt 00:03:58]} 19. Rfd1
{[%clk 00:32:50]} {[%emt 00:00:40]} Nc6 {[%clk 00:46:30]} {[%emt 00:01:20]} 20.
exf5 {[%clk 00:29:41]} {[%emt 00:03:39]} gxf5 {[%clk 00:46:13]} {[%emt
00:00:46]} 21. Nb5 {[%clk 00:26:32]} {[%emt 00:03:39]} e4 {[%clk 00:43:24]}
{[%emt 00:03:19]} 22. Bh3 {[%clk 00:24:52]} {[%emt 00:02:10]} Rf6 {[%clk
00:38:14]} {[%emt 00:05:40]} 23. Bxd6 {[%clk 00:17:53]} {[%emt 00:07:29]} cxd6
{[%clk 00:38:32]} {[%emt 00:00:11]} 24. Bxf5+ {[%clk 00:18:19]} {[%emt
00:00:04]} Kh8 {[%clk 00:34:00]} {[%emt 00:05:03]} 25. Bxe4 {[%clk 00:18:21]}
{[%emt 00:00:27]} Qb6 {[%clk 00:31:54]} {[%emt 00:02:36]} 26. Rxd6 {[%clk
00:14:55]} Raf8 {[%clk 00:22:40]} {[%emt 00:13:41]} 27. Rxf6 {[%clk 00:15:07]}
{[%emt 00:00:18]} Rxf6 {[%clk 00:23:04]} {[%emt 00:00:06]} 28. Kg2 {[%clk
00:13:08]} {[%emt 00:02:28]} Re6 {[%clk 00:22:07]} {[%emt 00:01:28]} 29. Na3
{[%clk 00:08:20]} {[%emt 00:05:18]} Qd4 {[%clk 00:14:09]} {[%emt 00:08:27]} 30.
Rc4 {[%clk 00:07:57]} {[%emt 00:00:53]} Qd6 {[%clk 00:13:18]} {[%emt 00:01:22]}
31. Qg4 {[%clk 00:05:55]} {[%emt 00:02:31]} Rf6 {[%clk 00:08:02]} {[%emt
00:05:47]} 32. Nb1 {[%clk 00:03:35]} {[%emt 00:02:50]} Qf8 {[%clk 00:06:50]}
{[%emt 00:01:42]} 33. Rc2 {[%clk 00:03:12]} {[%emt 00:00:52]} Qb4 {[%clk
00:05:27]} {[%emt 00:01:53]} 34. h3 {[%clk 00:01:39]} {[%emt 00:02:03]} Ne5
{[%clk 00:04:21]} {[%emt 00:01:37]} 35. Rc8+ {[%clk 00:01:42]} {[%emt
00:00:27]} Bf8 {[%clk 00:04:49]} {[%emt 00:00:01]} 36. Qe2 {[%clk 00:01:49]}
{[%emt 00:00:23]} Qd4 {[%clk 00:04:24]} {[%emt 00:00:56]} 37. Nc3 {[%clk
00:01:55]} {[%emt 00:00:24]} Qd7 {[%clk 00:04:18]} {[%emt 00:00:35]} 38. Ra8
{[%clk 00:01:49]} {[%emt 00:00:36]} Qd4 {[%clk 00:03:44]} {[%emt 00:01:04]} 39.
Qe3 {[%clk 00:01:57]} {[%emt 00:00:22]} Qd6 {[%clk 00:02:41]} {[%emt 00:01:34]}
40. Nd5 {[%clk 00:02:04]} {[%emt 00:00:23]} Rf7 {[%clk 00:03:08]} {[%emt
00:00:02]} 41. Nf4 {[%clk 00:01:49]} {[%emt 00:00:45]} Kg7 {[%clk 00:03:02]}
{[%emt 00:00:37]} 42. Re8 {[%clk 00:01:53]} {[%emt 00:00:26]} Re7 {[%clk
00:01:19]} {[%emt 00:02:13]} 43. Rxe7+ {[%clk 00:01:35]} {[%emt 00:00:48]} Bxe7
{[%clk 00:01:39]} {[%emt 00:00:10]} 44. Qxa7 {[%clk 00:01:39]} {[%emt
00:00:26]} 1-0

[Event "English Open Championship 2024"]
[Site "Holiday Inn, 212 Abbey End, Kenilworth CV8 1ED, United Kingdom"]
[Date "2024.06.22"]
[Round "5.9"]
[White "Clarke, James"]
[Black "Badacsonyi, Stanley"]
[Result "0-1"]
[TimeControl "G90 + 30secs/move"]
[WhiteFideId "463140"]
[BlackFideId "486973"]
[WhiteElo "1894"]
[BlackElo "2132"]

1. e4 {[%clk 01:30:58]} {[%emt 00:00:02]} e6 {[%clk 01:30:54]} {[%emt
00:00:06]} 2. d4 {[%clk 01:31:23]} {[%emt 00:00:04]} d5 {[%clk 01:31:22]}
{[%emt 00:00:03]} 3. Bd3 {[%clk 01:31:50]} {[%emt 00:00:03]} c5 {[%clk
01:30:33]} {[%emt 00:01:19]} 4. exd5 {[%clk 01:32:05]} {[%emt 00:00:15]} exd5
{[%clk 01:30:58]} {[%emt 00:00:05]} 5. Nf3 {[%clk 01:32:21]} {[%emt 00:00:14]}
Nc6 {[%clk 01:31:02]} {[%emt 00:00:26]} 6. O-O {[%clk 01:31:58]} {[%emt
00:00:53]} c4 {[%clk 01:29:21]} {[%emt 00:02:11]} 7. Re1+ {[%clk 01:32:03]}
{[%emt 00:00:24]} Be7 {[%clk 01:29:45]} {[%emt 00:00:07]} 8. Bf1 {[%clk
01:32:29]} {[%emt 00:00:04]} Bg4 {[%clk 01:29:01]} {[%emt 00:01:13]} 9. b3
{[%clk 01:30:28]} {[%emt 00:02:31]} Bxf3 {[%clk 01:21:10]} {[%emt 00:08:22]} 10.
Qxf3 {[%clk 01:30:20]} {[%emt 00:00:38]} Nxd4 {[%clk 01:21:14]} {[%emt
00:00:26]} 11. Qd1 {[%clk 01:26:21]} {[%emt 00:04:29]} Ne6 {[%clk 01:20:06]}
{[%emt 00:01:38]} 12. bxc4 {[%clk 01:25:49]} {[%emt 00:01:02]} d4 {[%clk
01:14:42]} {[%emt 00:05:54]} 13. Nd2 {[%clk 01:15:18]} {[%emt 00:11:01]} Nf6
{[%clk 01:14:51]} {[%emt 00:00:22]} 14. Rb1 {[%clk 01:14:20]} {[%emt 00:01:28]}
b6 {[%clk 01:13:31]} {[%emt 00:01:50]} 15. Nf3 {[%clk 01:10:28]} {[%emt
00:04:20]} O-O {[%clk 01:13:27]} {[%emt 00:00:36]} 16. Ne5 {[%clk 01:08:43]}
{[%emt 00:02:15]} Rc8 {[%clk 01:11:22]} {[%emt 00:02:34]} 17. Rb3 {[%clk
01:07:19]} {[%emt 00:01:54]} Bd6 {[%clk 01:10:25]} {[%emt 00:01:27]} 18. Rh3
{[%clk 01:04:01]} {[%emt 00:03:48]} Qc7 {[%clk 01:09:45]} {[%emt 00:01:11]} 19.
Ng4 {[%clk 00:57:32]} {[%emt 00:06:59]} Nxg4 {[%clk 01:03:14]} {[%emt
00:07:01]} 20. Qxg4 {[%clk 00:57:52]} {[%emt 00:00:09]} Rfe8 {[%clk 01:03:35]}
{[%emt 00:00:09]} 21. Bd3 {[%clk 00:50:29]} {[%emt 00:07:54]} Nf8 {[%clk
01:03:53]} {[%emt 00:00:12]} 22. Re2 {[%clk 00:40:03]} {[%emt 00:10:55]} Rxe2
{[%clk 01:04:01]} {[%emt 00:00:23]} 23. Qxe2 {[%clk 00:39:53]} {[%emt
00:00:39]} Qd7 {[%clk 01:03:04]} {[%emt 00:01:27]} 24. Bxh7+ {[%clk 00:32:52]}
{[%emt 00:07:32]} Nxh7 {[%clk 01:03:24]} {[%emt 00:00:09]} 25. Qh5 {[%clk
00:33:19]} {[%emt 00:00:03]} Qe6 {[%clk 01:03:04]} {[%emt 00:00:50]} 26. Qxh7+
{[%clk 00:33:08]} {[%emt 00:00:41]} Kf8 {[%clk 01:03:30]} {[%emt 00:00:04]} 27.
g3 {[%clk 00:28:40]} {[%emt 00:04:59]} Rxc4 {[%clk 01:01:02]} {[%emt 00:02:57]}
28. Qh8+ {[%clk 00:24:21]} {[%emt 00:04:49]} Ke7 {[%clk 01:01:21]} {[%emt
00:00:11]} 29. Bg5+ {[%clk 00:24:40]} {[%emt 00:00:11]} Kd7 {[%emt 00:02:05]}
30. Qd8+ {[%clk 00:24:19]} Kc6 {[%clk 01:01:02]} {[%emt 00:00:05]} 31. Qa8+
{[%clk 00:23:34]} {[%emt 00:01:15]} Kb5 {[%clk 01:01:23]} {[%emt 00:00:08]} 32.
Rh4 {[%clk 00:19:30]} {[%emt 00:04:35]} Bc5 {[%clk 00:58:23]} {[%emt 00:03:30]}
33. Re4 {[%clk 00:16:09]} {[%emt 00:03:51]} Qc6 {[%clk 00:57:48]} {[%emt
00:01:05]} 34. Qxc6+ {[%clk 00:12:02]} Kxc6 {[%clk 00:58:08]} {[%emt 00:04:48]}
35. Re2 {[%clk 00:09:49]} {[%emt 00:02:42]} Ra4 {[%clk 00:58:22]} {[%emt
00:00:17]} 36. h4 {[%clk 00:09:05]} {[%emt 00:01:13]} Rxa2 {[%clk 00:58:45]}
{[%emt 00:00:06]} 37. Rd2 {[%clk 00:07:01]} {[%emt 00:02:34]} a5 {[%clk
00:59:03]} {[%emt 00:00:13]} 38. h5 {[%clk 00:06:48]} {[%emt 00:00:43]} a4
{[%clk 00:59:23]} {[%emt 00:00:09]} 39. Bf4 {[%clk 00:06:11]} {[%emt 00:01:08]}
Ra1+ {[%clk 00:59:36]} {[%emt 00:00:17]} 40. Kg2 {[%clk 00:06:37]} {[%emt
00:00:04]} a3 {[%clk 01:00:03]} {[%emt 00:00:03]} 41. Be5 {[%clk 00:04:22]}
{[%emt 00:02:45]} a2 {[%clk 00:59:28]} {[%emt 00:01:05]} 42. c4 {[%clk
00:03:36]} {[%emt 00:01:15]} Rg1+ {[%clk 00:59:50]} {[%emt 00:00:08]} 43. Kxg1
{[%clk 00:04:03]} {[%emt 00:00:04]} a1=Q+ {[%clk 01:00:10]} {[%emt 00:00:10]}
44. Kh2 {[%clk 00:03:49]} {[%emt 00:00:43]} Qc1 {[%clk 01:00:31]} {[%emt
00:00:09]} 45. Ra2 {[%clk 00:02:44]} {[%emt 00:01:36]} Qxc4 {[%clk 01:00:52]}
{[%emt 00:00:09]} 46. Ra7 {[%clk 00:02:51]} {[%emt 00:00:23]} Qd5 {[%clk
01:01:15]} {[%emt 00:00:07]} 0-1

[Event "English Open Championship 2024"]
[Site "Holiday Inn, 212 Abbey End, Kenilworth CV8 1ED, United Kingdom"]
[Date "2024.06.22"]
[Round "5.10"]
[White "Hebden, Mark L"]
[Black "Graham, David B"]
[Result "0-1"]
[TimeControl "G90 + 30secs/move"]
[WhiteFideId "400084"]
[BlackFideId "408131"]
[WhiteElo "2398"]
[BlackElo "2149"]

1. d4 {[%clk 01:30:53]} {[%emt 00:00:05]} d5 {[%clk 01:30:54]} {[%emt
00:00:07]} 2. c4 {[%clk 01:30:52]} {[%emt 00:00:31]} c6 {[%clk 01:31:20]}
{[%emt 00:00:04]} 3. Nf3 {[%clk 01:30:26]} {[%emt 00:00:56]} Nf6 {[%clk
01:31:45]} {[%emt 00:00:05]} 4. Nc3 {[%clk 01:30:11]} {[%emt 00:00:46]} dxc4
{[%clk 01:31:42]} {[%emt 00:00:33]} 5. e4 {[%clk 01:29:44]} {[%emt 00:00:56]}
b5 {[%clk 01:30:47]} {[%emt 00:01:25]} 6. Be2 {[%clk 01:30:06]} {[%emt
00:00:08]} e6 {[%clk 01:28:11]} {[%emt 00:03:06]} 7. O-O {[%clk 01:30:11]}
{[%emt 00:00:25]} Bb7 {[%clk 01:23:01]} {[%emt 00:05:41]} 8. Bg5 {[%clk
01:20:30]} {[%emt 00:10:10]} h6 {[%clk 01:14:04]} {[%emt 00:09:28]} 9. Bxf6
{[%clk 01:20:21]} {[%emt 00:00:38]} gxf6 {[%clk 01:12:21]} {[%emt 00:02:13]} 10.
Qc2 {[%clk 01:17:04]} {[%emt 00:03:47]} Na6 {[%clk 01:08:58]} {[%emt 00:03:54]}
11. Rfd1 {[%clk 01:16:58]} {[%emt 00:00:35]} Qb6 {[%clk 01:08:19]} {[%emt
00:01:10]} 12. b3 {[%clk 01:16:10]} {[%emt 00:01:18]} cxb3 {[%clk 01:02:03]}
{[%emt 00:06:46]} 13. Qxb3 {[%clk 01:16:32]} {[%emt 00:00:07]} Nc7 {[%clk
00:49:36]} {[%emt 00:12:57]} 14. a4 {[%clk 01:15:40]} {[%emt 00:01:22]} a6
{[%clk 00:49:23]} {[%emt 00:00:44]} 15. d5 {[%clk 01:09:28]} {[%emt 00:06:42]}
O-O-O {[%clk 00:42:53]} {[%emt 00:07:00]} 16. axb5 {[%clk 01:02:59]} {[%emt
00:06:59]} cxb5 {[%clk 00:41:10]} {[%emt 00:02:13]} 17. Ne1 {[%clk 00:54:58]}
{[%emt 00:08:31]} Bc5 {[%clk 00:37:34]} {[%emt 00:04:06]} 18. Nd3 {[%clk
00:55:15]} {[%emt 00:00:12]} Bd4 {[%clk 00:34:26]} {[%emt 00:03:38]} 19. Bf3
{[%clk 00:54:44]} {[%emt 00:01:02]} f5 {[%clk 00:28:09]} {[%emt 00:06:47]} 20.
exf5 {[%clk 00:53:39]} {[%emt 00:01:35]} Nxd5 {[%clk 00:28:20]} {[%emt
00:00:20]} 21. Bxd5 {[%clk 00:51:42]} {[%emt 00:02:26]} Bxd5 {[%clk 00:27:36]}
{[%emt 00:01:14]} 22. Nxd5 {[%clk 00:51:57]} {[%emt 00:00:15]} Rxd5 {[%clk
00:27:50]} {[%emt 00:00:16]} 23. fxe6 {[%clk 00:52:04]} {[%emt 00:00:23]} fxe6
{[%clk 00:27:10]} {[%emt 00:01:10]} 24. Nb4 {[%clk 00:44:57]} {[%emt 00:07:37]}
Bxa1 {[%clk 00:23:31]} {[%emt 00:04:09]} 25. Nxd5 {[%clk 00:45:11]} {[%emt
00:00:15]} exd5 {[%clk 00:23:39]} {[%emt 00:00:22]} 26. Qxd5 {[%clk 00:44:30]}
{[%emt 00:01:12]} Bc3 {[%clk 00:15:05]} {[%emt 00:09:05]} 27. Qd7+ {[%clk
00:37:00]} {[%emt 00:07:59]} Kb8 {[%clk 00:15:27]} {[%emt 00:00:11]} 28. Rd6
{[%clk 00:37:21]} {[%emt 00:00:06]} Qc7 {[%clk 00:06:44]} {[%emt 00:09:14]} 29.
Qe6 {[%clk 00:37:29]} {[%emt 00:00:21]} Bd4 {[%clk 00:06:25]} {[%emt 00:00:49]}
30. Rc6 {[%clk 00:36:24]} {[%emt 00:01:36]} Qf4 {[%clk 00:05:14]} {[%emt
00:01:41]} 31. Rb6+ {[%clk 00:33:29]} {[%emt 00:03:24]} Bxb6 {[%clk 00:05:37]}
{[%emt 00:00:08]} 32. Qxb6+ {[%clk 00:33:54]} {[%emt 00:00:05]} Kc8 {[%clk
00:05:19]} {[%emt 00:00:48]} 33. Qc6+ {[%clk 00:33:58]} {[%emt 00:00:25]} Kd8
{[%clk 00:04:32]} {[%emt 00:01:17]} 34. g3 {[%clk 00:34:01]} {[%emt 00:00:27]}
Qd4 {[%clk 00:04:41]} {[%emt 00:00:22]} 35. Qa8+ {[%clk 00:32:48]} {[%emt
00:01:43]} Ke7 {[%clk 00:04:57]} {[%emt 00:00:13]} 36. Qb7+ {[%clk 00:33:10]}
{[%emt 00:00:08]} Kd6 {[%clk 00:03:48]} {[%emt 00:01:40]} 37. Qxa6+ {[%clk
00:33:33]} {[%emt 00:00:07]} Kc5 {[%clk 00:04:01]} {[%emt 00:00:17]} 38. Qa7+
{[%clk 00:33:48]} {[%emt 00:00:14]} Kc4 {[%clk 00:04:03]} {[%emt 00:00:28]} 39.
Qa2+ {[%clk 00:33:59]} {[%emt 00:00:19]} Kb4 {[%clk 00:04:22]} {[%emt
00:00:12]} 40. Qb1+ {[%clk 00:34:21]} {[%emt 00:00:07]} Ka5 {[%clk 00:03:50]}
{[%emt 00:01:01]} 41. Qa2+ {[%clk 00:34:40]} {[%emt 00:00:13]} Kb6 {[%clk
00:03:53]} {[%emt 00:00:27]} 42. Qe6+ {[%clk 00:34:48]} {[%emt 00:00:21]} Kc5
{[%clk 00:04:12]} {[%emt 00:00:12]} 43. Qe7+ {[%clk 00:35:04]} {[%emt
00:00:13]} Kc4 {[%clk 00:03:45]} {[%emt 00:00:57]} 44. Qe2+ {[%clk 00:35:24]}
{[%emt 00:00:09]} Kb4 {[%clk 00:04:01]} {[%emt 00:00:14]} 45. Kg2 {[%clk
00:35:11]} {[%emt 00:00:44]} Rd8 {[%clk 00:03:59]} {[%emt 00:00:32]} 46. h4
{[%clk 00:35:26]} {[%emt 00:00:15]} Kc5 {[%clk 00:02:49]} {[%emt 00:01:40]} 47.
Qe7+ {[%clk 00:35:36]} {[%emt 00:00:20]} Rd6 {[%clk 00:03:08]} {[%emt
00:00:11]} 48. Qc7+ {[%clk 00:34:58]} {[%emt 00:01:08]} Kb4 {[%clk 00:02:56]}
{[%emt 00:00:43]} 49. Qc2 {[%clk 00:33:42]} {[%emt 00:01:45]} Rf6 {[%clk
00:03:03]} {[%emt 00:00:23]} 50. f4 {[%clk 00:32:53]} {[%emt 00:01:19]} Rd6
{[%clk 00:03:11]} {[%emt 00:00:22]} 51. Kh3 {[%clk 00:33:00]} {[%emt 00:00:23]}
h5 {[%clk 00:03:20]} {[%emt 00:00:21]} 52. Qb1+ {[%clk 00:32:38]} {[%emt
00:00:52]} Ka5 {[%clk 00:03:29]} {[%emt 00:00:21]} 53. Qe1+ {[%clk 00:31:14]}
{[%emt 00:01:55]} Kb6 {[%clk 00:03:43]} {[%emt 00:00:16]} 54. Qe8 {[%clk
00:31:05]} {[%emt 00:00:38]} Qd1 {[%clk 00:04:00]} {[%emt 00:01:39]} 0-1

[Event "English Open Championship 2024"]
[Site "Holiday Inn, 212 Abbey End, Kenilworth CV8 1ED, United Kingdom"]
[Date "2024.06.22"]
[Round "5.11"]
[White "Derakhshani, Borna"]
[Black "Liu, Jack"]
[Result "1-0"]
[TimeControl "G90 + 30secs/move"]
[WhiteFideId "12518450"]
[BlackFideId "8627894"]
[WhiteElo "2355"]
[BlackElo "2051"]

1. e4 {[%clk 01:26:25]} {[%emt 00:04:36]} c5 {[%clk 01:30:51]} {[%emt
00:00:09]} 2. Nf3 {[%clk 01:26:51]} {[%emt 00:00:03]} e6 {[%clk 01:31:15]}
{[%emt 00:00:06]} 3. d4 {[%clk 01:27:10]} {[%emt 00:00:10]} cxd4 {[%clk
01:31:42]} {[%emt 00:00:05]} 4. Nxd4 {[%clk 01:27:36]} {[%emt 00:00:04]} Nc6
{[%clk 01:32:07]} {[%emt 00:00:05]} 5. Nc3 {[%clk 01:27:56]} {[%emt 00:00:10]}
Qc7 {[%clk 01:32:32]} {[%emt 00:00:05]} 6. g3 {[%clk 01:28:16]} {[%emt
00:00:10]} a6 {[%clk 01:32:32]} {[%emt 00:00:29]} 7. Bg2 {[%clk 01:28:38]}
{[%emt 00:00:09]} Nf6 {[%clk 01:32:56]} {[%emt 00:00:07]} 8. O-O {[%clk
01:28:54]} {[%emt 00:00:13]} Bc5 {[%clk 01:29:34]} {[%emt 00:03:52]} 9. Nxc6
{[%clk 01:24:15]} {[%emt 00:05:10]} dxc6 {[%clk 01:23:48]} {[%emt 00:06:16]} 10.
Na4 {[%clk 01:19:17]} {[%emt 00:05:28]} Ba7 {[%clk 01:22:40]} {[%emt 00:01:38]}
11. Bg5 {[%clk 01:17:35]} {[%emt 00:02:11]} e5 {[%clk 01:03:57]} {[%emt
00:19:13]} 12. b4 {[%clk 01:10:23]} {[%emt 00:07:42]} Bg4 {[%clk 00:56:45]}
{[%emt 00:07:42]} 13. Qe1 {[%clk 01:10:16]} {[%emt 00:00:38]} Be6 {[%clk
00:54:33]} {[%emt 00:02:41]} 14. Nb2 {[%clk 00:58:52]} {[%emt 00:11:54]} Qe7
{[%clk 00:47:39]} {[%emt 00:07:25]} 15. a3 {[%clk 00:51:50]} {[%emt 00:07:32]}
h6 {[%clk 00:43:09]} {[%emt 00:04:59]} 16. Be3 {[%clk 00:52:00]} {[%emt
00:00:20]} Bxe3 {[%clk 00:43:17]} {[%emt 00:00:22]} 17. Qxe3 {[%clk 00:52:13]}
{[%emt 00:00:18]} O-O {[%clk 00:43:25]} {[%emt 00:00:21]} 18. f4 {[%clk
00:51:46]} {[%emt 00:00:57]} exf4 {[%clk 00:42:32]} {[%emt 00:01:24]} 19. gxf4
{[%clk 00:50:10]} {[%emt 00:02:05]} Rfe8 {[%clk 00:33:11]} {[%emt 00:09:51]} 20.
Qg3 {[%clk 00:45:40]} {[%emt 00:05:00]} Bd7 {[%clk 00:24:50]} {[%emt 00:08:52]}
21. Rae1 {[%clk 00:42:45]} {[%emt 00:03:24]} Rad8 {[%clk 00:18:30]} {[%emt
00:06:51]} 22. Nd3 {[%clk 00:40:22]} {[%emt 00:02:51]} Be6 {[%clk 00:17:08]}
{[%emt 00:01:53]} 23. Rf2 {[%clk 00:37:46]} {[%emt 00:03:06]} Nh5 {[%clk
00:15:45]} {[%emt 00:01:53]} 24. Qf3 {[%clk 00:34:14]} {[%emt 00:04:02]} Qh4
{[%clk 00:14:20]} {[%emt 00:01:55]} 25. f5 {[%clk 00:33:27]} {[%emt 00:01:18]}
Bc4 {[%clk 00:13:22]} {[%emt 00:01:28]} 26. Nb2 {[%clk 00:32:51]} {[%emt
00:01:05]} b5 {[%clk 00:09:32]} {[%emt 00:04:20]} 27. Nxc4 {[%clk 00:31:14]}
{[%emt 00:02:07]} bxc4 {[%clk 00:10:00]} {[%emt 00:00:02]} 28. e5 {[%clk
00:25:39]} {[%emt 00:06:05]} Rd2 {[%clk 00:08:21]} {[%emt 00:02:08]} 29. Re4
{[%clk 00:20:29]} {[%emt 00:05:41]} Qg5 {[%clk 00:04:15]} {[%emt 00:04:35]} 30.
Rxd2 {[%clk 00:20:41]} {[%emt 00:00:18]} Qxd2 {[%clk 00:04:42]} {[%emt
00:00:04]} 31. Qxh5 {[%clk 00:20:44]} {[%emt 00:00:27]} Rxe5 {[%clk 00:04:27]}
{[%emt 00:00:44]} 32. Rxe5 {[%clk 00:20:36]} {[%emt 00:00:39]} Qd4+ {[%clk
00:04:52]} {[%emt 00:00:05]} 33. Kf1 {[%clk 00:21:03]} {[%emt 00:00:04]} Qxe5
{[%clk 00:05:17]} {[%emt 00:00:04]} 34. Qf3 {[%clk 00:19:24]} {[%emt 00:02:08]}
Qxh2 {[%clk 00:05:24]} {[%emt 00:00:23]} 35. f6 {[%clk 00:19:33]} {[%emt
00:00:21]} Qd6 {[%clk 00:05:16]} {[%emt 00:00:38]} 36. fxg7 {[%clk 00:19:37]}
{[%emt 00:00:26]} Kxg7 {[%clk 00:05:33]} {[%emt 00:00:14]} 37. Qc3+ {[%clk
00:19:53]} {[%emt 00:00:13]} f6 {[%clk 00:05:10]} {[%emt 00:00:54]} 38. Qxc4
{[%clk 00:18:59]} {[%emt 00:01:24]} Qd1+ {[%clk 00:05:36]} {[%emt 00:00:04]} 39.
Kf2 {[%clk 00:19:23]} {[%emt 00:00:06]} Qd2+ {[%clk 00:06:00]} {[%emt
00:00:05]} 40. Kf3 {[%clk 00:18:37]} {[%emt 00:01:16]} Qd1+ {[%clk 00:06:16]}
{[%emt 00:00:14]} 41. Qe2 {[%clk 00:18:56]} {[%emt 00:00:11]} Qa1 {[%clk
00:06:02]} {[%emt 00:00:44]} 42. Qxa6 {[%clk 00:17:19]} {[%emt 00:02:07]} 1-0